000 01685nam a2200253Ia 4500
003 Ost
005 20260507075752.0
008 260507s9999||||xx |||||||||||||| ||und||
020 _a9789931140191
040 _cfsecg
041 _aara
082 _a382.17
100 _aزايري، بلقاسم
_eمؤلف
245 0 _aميزان المدفوعات :
_bأداة للتحليل الإقتصادي /
_c بلقاسم زايري
246 _aThe Balance Of Payments: A Tool Of Economic Analysis
260 _aالجزائر:
_bدار أجيال الرقمي ,
_c2023
300 _a531 صفحة؛
_bإيضاحات ؛
_c24 سم
504 _aببليوغرافيا: ص ص.522-531
520 _aيعالج هذا الكتاب في المبحث الأول مدخل عام حول ميزان المدفوعات، بينما تم تخصيص المبحث الثاني الحديث عن التصنيف العام لمختلف أنواع العمليات الدولية في ميزان المدفوعات الدولية أما في المبحث الثالث فتطرقنا الى أهم الأرصدة في ميزان المدفوعات اعتمادا على الحسابات الأساسية وتناولنا في المبحث الرابع الى أهم القواعد والمبادئ المتعلقة بتسجيل العمليات على مستوى ميزان المدفوعات واخيرا تطرقنا في المبحث السادس الى النظريات الخاصة بتسوية الاختلال في ميزان المدفوعات.
653 _aالنمو الاقتصادي
653 _aسعر الصرف
653 _aميزان المدفوعات
942 _cكتاب
999 _c46229
_d46229